Идейно-философское наследие Илариона Киевского. Ч. 1: ˆ[‰Публикация сочинений Илариона (Запись № 6760900)

Подробности
000 -МАРКЕР
контрольное поле 01071nam2a22002291 4500
001 - ИДЕНТИФИКАТОР ЗАПИСИ
контрольное поле rc\624502
005 - ИДЕНТИФИКАТОР ВЕРСИИ
контрольное поле 20250621222014.0
035 ## - ДРУГИЕ СИСТЕМНЫЕ НОМЕРА
Идентификатор записи (NLR Aleph) 005950567
100 ## - ДАННЫЕ ОБЩЕЙ ОБРАБОТКИ
Данные общей обработки 20031121d1986 |||y0rusy50 ca
101 0# - ЯЗЫК РЕСУРСА
Язык текста, звукозаписи и т.д. русский
102 ## - СТРАНА ПУБЛИКАЦИИ ИЛИ ПРОИЗВОДСТВА
Страна публикации Российская Федерация
105 ## - ПОЛЕ КОДИРОВАННЫХ ДАННЫХ: ТЕКСТОВЫЕ МАТЕРИАЛЫ, МОНОГРАФИЧЕСКИЕ
Кодированные данные о монографическом текстовом документе a |||||||||
200 1# - ЗАГЛАВИЕ И СВЕДЕНИЯ ОБ ОТВЕТСТВЕННОСТИ
Основное заглавие ˆ[‰Публикация сочинений Илариона
Первые сведения об ответственности Пер. с древнерус. Т.А. Сумниковой]
210 ## - ПУБЛИКАЦИЯ, РАСПРОСТРАНЕНИЕ И ДР.
Дата издания, распространения и т.д. 1986
Место издания, распространения и т.д. Б. м.
215 ## - ФИЗИЧЕСКАЯ ХАРАКТЕРИСТИКА
Специфическое обозначение материала и объем 172 с.
Другие сведения о физической характеристике ил., факс.
461 #0 - УРОВЕНЬ НАБОРА
Встроенное поле 001rc\624501
-- 2001#$aИдейно-философское наследие Илариона Киевского$e[Сб. ст.$eВ 2 ч.]$fАН СССР, Ин-т философии$g[Отв. ред. д. ф. н. А.А. Баженова]$vЧ. 1
Системный номер (АБИС) связанной записи 6760894
Место публикации М.
Дата публикации 1986
Первые сведения об ответственности АН СССР, Ин-т философии
Имя издателя, распространителя и т.д. Б. и.
Сведения, относящиеся к заглавию [Сб. ст. : В 2 ч.]
Заглавие Идейно-философское наследие Илариона Киевского
Номер тома Ч. 1
801 #0 - ИСТОЧНИК ЗАПИСИ
Страна Российская Федерация
Организация NLR
Правила каталогизации psbo
801 #1 - ИСТОЧНИК ЗАПИСИ
Страна Российская Федерация
Организация ELAR
Источник данных rusmarc
852 ## - МЕСТОНАХОЖДЕНИЕ И ШИФР ХРАНЕНИЯ
Идентификатор организации NLR
Шифр хранения (Call Number) 86-3/14310
942 ## - ДОПОЛНИТЕЛЬНЫЕ ЭЛЕМЕНТЫ ЗАПИСИ (АБИС)
Тип экземпляра АБИС Книга
980 ## - КОЛЛЕКЦИЯ
Название коллекции Национальная библиография
Экземпляры
Тип экземпляра Дата поступления Библиотека постоянного хранения Библиотека текущего хранения Место хранения Шифр хранения Штрих-код Статус экземпляра
Книга 26.10.2013 РНБ (Московский) РНБ (Московский) Русский книжный фонд: издания с 1957 года 86-3/14310 1-1046273  
Книга 23.03.2017 РНБ (Московский) РНБ (Московский) Русский книжный фонд: издания с 1957 года 86-3/14310 1-1734672